|
|
|
|
| LEADER |
00000caa a2200000 c 4500 |
| 001 |
1577900480 |
| 003 |
DE-627 |
| 005 |
20240611174257.0 |
| 007 |
tu |
| 008 |
180724s2014 xx ||||| 00| ||ger c |
| 020 |
|
|
|a 9783734400094
|
| 035 |
|
|
|a (DE-627)1577900480
|
| 035 |
|
|
|a (DE-576)507900480
|
| 035 |
|
|
|a (DE-599)BSZ507900480
|
| 040 |
|
|
|a DE-627
|b ger
|c DE-627
|e rda
|
| 041 |
|
|
|a ger
|
| 100 |
1 |
|
|a Mihok, Brigitte
|d 1958-
|e VerfasserIn
|0 (DE-588)120651041
|0 (DE-627)080807062
|0 (DE-576)166888591
|4 aut
|
| 109 |
|
|
|a Mihok, Brigitte 1958-
|
| 245 |
1 |
0 |
|a Roma-Feindlichkeit
|b von Angstszenarien zur Kriminalisierung
|c Brigitte Mihok
|
| 264 |
|
1 |
|c 2014
|
| 300 |
|
|
|b Ill.
|
| 336 |
|
|
|a Text
|b txt
|2 rdacontent
|
| 337 |
|
|
|a ohne Hilfsmittel zu benutzen
|b n
|2 rdamedia
|
| 338 |
|
|
|a Band
|b nc
|2 rdacarrier
|
| 500 |
|
|
|a Literaturangaben
|
| 773 |
0 |
8 |
|i Enthalten in
|t Ressentiment und Konflikt
|d Schwalbach/Ts. : Wochenschau-Verlag, 2014
|g (2014), Seite 99-114
|h 236 Seiten
|w (DE-627)1610770404
|w (DE-576)413968138
|z 3734400090
|z 9783734400094
|7 nnam
|
| 773 |
1 |
8 |
|g year:2014
|g pages:99-114
|
| 889 |
|
|
|w (DE-627)796713235
|
| 935 |
|
|
|i mdedup
|
| 951 |
|
|
|a AR
|
| ELC |
|
|
|b 1
|
| LOK |
|
|
|0 000 xxxxxcx a22 zn 4500
|
| LOK |
|
|
|0 001 3019450330
|
| LOK |
|
|
|0 003 DE-627
|
| LOK |
|
|
|0 004 1577900480
|
| LOK |
|
|
|0 005 20260211081904
|
| LOK |
|
|
|0 008 180724||||||||||||||||ger|||||||
|
| LOK |
|
|
|0 040
|a DE-21-110
|c DE-627
|d DE-21-110
|
| LOK |
|
|
|0 689
|a s
|a Zigeuner
|
| LOK |
|
|
|0 689
|a s
|a Stereotype
|
| LOK |
|
|
|0 689
|a s
|a Medien
|
| LOK |
|
|
|0 689
|a s
|a Berichterstattung
|
| LOK |
|
|
|0 689
|a s
|a Asylrecht
|
| LOK |
|
|
|0 689
|a s
|a EU-Osterweiterung
|
| LOK |
|
|
|0 689
|a s
|a Ausländerkriminalität
|
| LOK |
|
|
|0 852
|a DE-21-110
|
| LOK |
|
|
|0 852 1
|m p
|9 00
|
| LOK |
|
|
|0 938
|k p
|
| LOK |
|
|
|0 939
|a 24-07-18
|b l01
|
| ORI |
|
|
|a WA-MARC-krimdoka001.raw
|